| 000 | 01209nac a22002291u 4500 | ||
|---|---|---|---|
| 008 | 101014s2007 xxu||||| |||| 00| 0 ara d | ||
| 082 |
_a347.62 _bق ا ن |
||
| 245 |
_aقانون المرافعات المدنية والتجارية وقانون الإثبات / _cإعداد ومراجعة محمد رشاد عبد الوهاب ، حلمى عبد العظيم حسن |
||
| 250 | _aط 4. | ||
| 260 |
_bالقاهرة : _cالهيئة العامة لشئون المطابع الأميرية ،2007 _a2007. |
||
| 300 |
_a254 ص ؛ _c24 سم. |
||
| 650 |
_aتنفيذ الأحكام _921942 |
||
| 650 |
_aالتداعي أمام المحاكم _921941 |
||
| 650 |
_aالمحاكم _921940 |
||
| 650 |
_aالدعوى المدنية _921939 |
||
| 650 |
_aقانون المرافعات _920382 _zمصر |
||
| 700 |
_aحسن ، حلمى عبد العظيم _920367 _eإعداد ومراجعة |
||
| 700 |
_aعبد الوهاب ، محمد رشاد _920368 _eإعداد ومراجعة |
||
| 710 | _920383 | ||
| 942 |
_cBB _k347.62 ق ا ن _2ddc |
||
| 999 |
_c9237 _d9237 |
||